000 00542nam a2200217 a 4500
999 _c4217
_d4217
001 4217
003 BD-JhCC
005 20171125101629.0
008 171125s1972 ny a|||| || | 000 0 eng d
035 _a(BD-JhCC)4217
040 _aBD-JhCC
_dBD-JhCC
041 _aeng
082 _a629.1325
_bLYO 1972
100 _aLyon, C. Thoburn
245 _aPractical Air Navigation /
_cC. Thoburn Lyon,
260 _aLondon :
_bJeppesen and Co.
_c1972
300 _a318 p. :
_c24 cm.
650 _aNavigation
942 _2ddc
_cBK